000 00772nas a2200253 4500
001 BR9200496
003 BR-BrBNA
005 20231205092250.0
007 ta
008 230509b bl.|||p| |||| 00| 00por d
040 _aBR-BrBNA
_bpor
_cBiblioteca Nacional de Agricultura
041 _a(Pt)
072 _aH01
100 1 _aHabib, M.E.M.
100 1 _aAndrade, C.F.S. de
245 1 _aControle microbiano de insetos com o uso de bacterias
650 _aINSETO
650 _aCONTROLE BIOLOGICO
650 _aBACTERIA
650 _aPRATICO
773 0 _tInforme Agropecuario - Empresa de Pesquisa Agropecuaria de Minas Gerais (Brazil)
_xISSN 0100-3364
_g(1991), v. 15(167) p. 26-32
_wBR9200496
909 _a202311
_bLúcia
_c55
_dLúcia Elande
942 _2AGRIS
_n0
_cANA
999 _c130524
_d130524